000 00276nam a22001217a 4500
008 180806b xxu||||| |||| 00| 0 eng d
082 _a813.52
245 _aPractice Anatomy LAB 1.1
_cPearson
260 _c2007
300 _a1
_fCD
440 _x080539432-X
942 _2ddc
_cMX
999 _c46816
_d46816